000 01004nam a2200253Ia 4500
003 OSt
005 20221005110801.0
006 a|||||r|||| 00| 0
007 ta
008 221004b |||||||| |||| 00| 0 hin d
020 _a8126709782 (hbk)
_c150
024 _a96801
037 _b580, 23/03/2009, Vani Prakashan
_cTextual
040 _aCRL
_cCRL
_bhin
041 _2hin
_ahin
082 _aO0aY, 152P4
100 _aअग्रवाल, पुरूषोत्तम
245 0 _aनिज ब्रह्म विचार
_b धर्म समाज और धर्मेतर अध्यात्म
246 _aNij brahma vichāra: dharma samāj aur dharmetar adhyātma
260 _aनई दिल्ली
_bराजकमल प्रकाशन भारत
_c2004
300 _a131पृ0
_ccm.
942 _hO0aY, 152P4
_cTEXL
_2cc
999 _c1019882
_d1019882